Situación del Tesoro público redactado en virtud de Orden del Ministro de Hacienda el 15 de octubre de 1871 / (Record no. 39478)

MARC details
000 -LEADER
campo de control de longitud fija 00604nam a2200169 i 4500
001 - NÚMERO DE CONTROL
campo de control 39478
003 - IDENTIFICADOR DE NÚMERO DE CONTROL
campo de control ES-MaACL
005 - FECHA Y HORA DE LA ÚLTIMA TRANSACCIÓN
campo de control 20230906160009.0
007 - CAMPO FIJO DE DESCRIPCIÓN FÍSICA--INFORMACIÓN GENERAL
campo de control de longitud fija t|
008 - DATOS DE LONGITUD FIJA--INFORMACIÓN GENERAL
campo de control de longitud fija 030303s1871 sp ||||1| spa d
100 1# - ENTRADA PRINCIPAL--NOMBRE DE PERSONA
Nombre de persona Cancio Villa-Amil, Mariano.
9 (RLIN) 34438
245 10 - MENCIÓN DEL TÍTULO
Título Situación del Tesoro público redactado en virtud de Orden del Ministro de Hacienda el 15 de octubre de 1871 /
Mención de responsabilidad, etc. Mariano Cancio Villa-Amil.
260 ## - PUBLICACIÓN, DISTRIBUCIÓN, ETC.
Lugar de publicación, distribución, etc. Madrid :
Nombre del editor, distribuidor, etc. [s.n.,
Fecha de publicación, distribución, etc. 1871] (
Fabricante Gincesta)
300 ## - DESCRIPCIÓN FÍSICA
Extensión 109 p. ;
Dimensiones 31 cm.
650 04 - PUNTO DE ACCESO ADICIONAL DE MATERIA--TÉRMINO DE MATERIA
Término de materia o nombre geográfico como elemento de entrada Hacienda pública-
Subdivisión geográfica España.
9 (RLIN) 13281
852 ## - LOCALIZACIÓN
Ubicación ES-MaACL
Número de control de estantería T-654-F-1
Nota libre .- Dont. del sr. Sanjurjo
Holdings
Estatus retirado Estado de pérdida Estado de daño No para préstamo Colección Biblioteca de origen Biblioteca actual Ubicación en estantería Fecha de adquisición Fuente de adquisición Total de préstamos Signatura topográfica completa Código de barras Visto por última vez Precio de reemplazo Tipo de ítem Koha
        Colección de folletos Biblioteca del Ateneo de Madrid Biblioteca del Ateneo de Madrid Depósito folletos 17/01/2008     T-654-F-1 1041576 23/02/2023 23/02/2023 Folleto